000 00892nam a2200253Ia 4500
008 130821s2011 sp gr spa
020 _a9788499088778
040 _aCo-BoUCM
_bspa
041 0 0 _aspa
100 1 _aConrad, Joseph
_9160517
245 1 0 _aBajo la mirada de occidente
_cJoseph Conrad ; traducción de Catalina Martínez Muñoz ; prólogo de Óscar Esquivias
260 _aBarcelona (España)
_bDelbolsillo
_c2011
300 _a362 páginas
490 0 _aContemporánea
650 0 4 _aLiteratura europea
_926524
650 0 4 _aLiteratura inglesa
_9272
650 0 4 _aNovela política
_920562
650 0 4 _aTerrorismo
_vNovela
_939971
700 1 _aEsquivias, Óscar
_eprólogo.
_9160518
700 1 _aMartínez Muñoz, Catalina
_etraductora.
_9131265
765 0 _tUnder western eyes
942 _cLIBRO
_a18
_e1
_mC754b
_2DEWEY
_h823.912
999 _c40210
_d40210